000 01365nam a2200337 a 4500
001 ebr10591374
003 CaPaEBR
006 m u
007 cr cn|||||||||
008 851216s1962 gw fh sb 001 0 lat d
010 _z 85460141
020 _z9783598711329
020 _z9783110964806 (e-book)
040 _aCaPaEBR
_cCaPaEBR
035 _a(OCoLC)823746461
050 1 4 _aPA6271
_b.C7 1962eb
100 1 _aCato, Marcus Porcius,
_d234-149 B.C.
240 1 0 _aDe agri cultura
245 1 0 _aM. Porci Catonis De agri cultura
_h[electronic resource] /
_cad fidem Florentini codicis deperditi edidit Antonius Mazzarino.
246 3 0 _aAgri cultura
260 _aLipsiae :
_bTeubner,
_c1962.
300 _acxxxv, 138 p., [12] p. of plates :
_bfacsims.
440 0 _aBibliotheca scriptorum Graecorum et Romanorum Teubneriana
504 _aIncludes bibliographical references and indexes.
533 _aElectronic reproduction.
_bPalo Alto, Calif. :
_cebrary,
_d2011.
_nAvailable via World Wide Web.
_nAccess may be limited to ebrary affiliated libraries.
650 0 _aAgriculture
_vEarly works to 1800.
655 7 _aElectronic books.
_2local
700 1 _aMazzarino, Antonio.
710 2 _aebrary, Inc.
856 4 0 _uhttp://site.ebrary.com/lib/rucke/Doc?id=10591374
_zAn electronic book accessible through the World Wide Web; click to view
999 _c210086
_d210086